Modernity unbound : (Record no. 354122)
[ view plain ]
| 000 -LEADER | |
|---|---|
| fixed length control field | 01436cam a2200337 a 4500 |
| 001 - CONTROL NUMBER | |
| control field | 8663268 |
| 003 - CONTROL NUMBER IDENTIFIER | |
| control field | OSt |
| 005 - DATE AND TIME OF LATEST TRANSACTION | |
| control field | 20180116192431.0 |
| 008 - FIXED-LENGTH DATA ELEMENTS--GENERAL INFORMATION | |
| fixed length control field | 110408s2011 enk 000 0 eng d |
| 015 ## - NATIONAL BIBLIOGRAPHY NUMBER | |
| National bibliography number | GBB0D4855 |
| Source | bnb |
| 020 ## - INTERNATIONAL STANDARD BOOK NUMBER | |
| International Standard Book Number | 9781902902890 (pbk.) |
| 020 ## - INTERNATIONAL STANDARD BOOK NUMBER | |
| International Standard Book Number | 1902902890 (pbk.) |
| 035 ## - SYSTEM CONTROL NUMBER | |
| System control number | (OCoLC)ocn714458972 |
| 035 ## - SYSTEM CONTROL NUMBER | |
| System control number | (OCoLC)714458972 |
| 035 ## - SYSTEM CONTROL NUMBER | |
| System control number | (NNC)8663268 |
| 040 ## - CATALOGING SOURCE | |
| Original cataloging agency | EQO |
| Transcribing agency | CNCCA |
| Modifying agency | BON |
| -- | AMH |
| -- | YDXCP |
| -- | NNC |
| 050 #4 - LIBRARY OF CONGRESS CALL NUMBER | |
| Classification number | NA682.M63 |
| Item number | M47 2011 |
| 082 04 - DEWEY DECIMAL CLASSIFICATION NUMBER | |
| Classification number | 724.6 |
| Edition number | 22 |
| 100 1# - MAIN ENTRY--PERSONAL NAME | |
| Personal name | Mertins, Detlef. |
| 9 (RLIN) | 8266 |
| 245 10 - TITLE STATEMENT | |
| Title | Modernity unbound : |
| Remainder of title | other histories of architectural modernity / |
| Statement of responsibility, etc. | Detlef Mertins. |
| 260 ## - PUBLICATION, DISTRIBUTION, ETC. | |
| Place of publication, distribution, etc. | London : |
| Name of publisher, distributor, etc. | Architectural Association, |
| Date of publication, distribution, etc. | c2011. |
| 300 ## - PHYSICAL DESCRIPTION | |
| Extent | 187, [13] p. : |
| Other physical details | ill. ; |
| Dimensions | 18 cm. |
| 490 1# - SERIES STATEMENT | |
| Series statement | Architecture words ; |
| Volume/sequential designation | 7 |
| 505 0# - FORMATTED CONTENTS NOTE | |
| Formatted contents note | Glass architecture -- Anything but literal: Sigfried Giedion and the reception of Cubism in Germany -- Transparency: autonomy and relationality -- Then enticing and threatening face of prehistory: Walter Benjamin and the utopia of glass - Walter Benjamin and the tectonic unconscious: using architecture as an optical instrument -- Same difference -- Mies's event space -- Bioconstructivisms -- Pervasive plasticity. |
| 650 #0 - SUBJECT ADDED ENTRY--TOPICAL TERM | |
| Topical term or geographic name entry element | Modern movement (Architecture) |
| 9 (RLIN) | 8267 |
| 650 #0 - SUBJECT ADDED ENTRY--TOPICAL TERM | |
| Topical term or geographic name entry element | Architecture |
| General subdivision | Philosophy. |
| 9 (RLIN) | 8268 |
| 830 #0 - SERIES ADDED ENTRY--UNIFORM TITLE | |
| Uniform title | Architecture words ; |
| Volume/sequential designation | 7. |
| 9 (RLIN) | 8265 |
| 942 ## - ADDED ENTRY ELEMENTS (KOHA) | |
| Source of classification or shelving scheme | |
| Koha item type | Book |
| 948 1# - LOCAL PROCESSING INFORMATION (OCLC); SERIES PART DESIGNATOR (RLIN) | |
| Series part designator, SPT (RLIN) | 20110630 |
| b (OCLC) | c |
| c (OCLC) | fra1 |
| d (OCLC) | OSMC |
| Withdrawn status | Lost status | Source of classification or shelving scheme | Damaged status | Not for loan | Permanent Location | Current Location | Date acquired | Total Checkouts | Full call number | Barcode | Date last seen | Cost, replacement price | Price effective from | Koha item type |
|---|---|---|---|---|---|---|---|---|---|---|---|---|---|---|
| School of Art Design and Architecture (SADA) | School of Art Design and Architecture (SADA) | 04/04/2016 | 724.6 MER 2011 | SADA0002535 | 01/05/2017 | 1799.71 | 01/05/2017 | Book |
